| 000 | 01148nam a22002415i 4500 | ||
|---|---|---|---|
| 001 | 161156 | ||
| 003 | ES-MaACL | ||
| 005 | 20230906212214.0 | ||
| 008 | 990528s1868 sp |||| | spa d | ||
| 080 | _a811.134.2(460.22) | ||
| 080 | _a811.134.2'373(460.28) | ||
| 100 | 1 |
_aOtín y Duaso, Francisco. _9130746 |
|
| 245 | 1 | 0 |
_aDiscurso leído ante la Real Academia Española de Arqueología y Geografía del Príncipe Alfonso / _cpor Francisco Otín y Duaso, en el acto solemne de su recepción de académico de número de la misma. |
| 260 |
_aMadrid : _b[s.n.], _c1868 ( _fAlejandro Gómez Fuentenebro) |
||
| 300 |
_a62 p. ; _c25 cm. |
||
| 505 | 8 | _aContiene: Discurso de contestación por Mariano Nougués y Secall, p.39-62 | |
| 594 | _aTema del discurso: El idioma de Aragón y de Castilla | ||
| 650 | 4 |
_aLengua española- _zAragón. _9172887 |
|
| 650 | 4 |
_aLengua española- _xUso. _914192 |
|
| 700 | 1 |
_aNougués Secall, Mariano. _9130529 |
|
| 710 | 2 |
_aReal Academia Española de Arqueología y Geografía del Príncipe Alfonso. _9134778 |
|
| 852 | 4 |
_aES-MaACL _jT-95-F-8 _z- Enc. hol., falto de cub. original _z- Enc. en un vol. facticio |
|
| 999 |
_c161156 _d161156 |
||